Hazards, risks and disasters in society

Bibliographic Details
Other Authors: Collins, Andrew E., Shroder, John F.
Format: Book
Published: Oxford : Elsevier , 2015
Subjects:

MARC

LEADER 00000cam a2200000 7i4500
001 0000194689
005 20151120.0
020 |a 9780123964519 
090 0 0 |a 363.34   |b HAZ 
245 1 0 |a Hazards, risks and disasters in society   |c volume editors Andrew E. Collins [et al..] ; series editor John F. Shroder 
260 |a Oxford :   |b Elsevier ,   |c 2015 
300 |a 405p. ;   |c 23cm. 
650 0 0 |a Disasters 
700 1 |a Collins, Andrew E. 
700 1 |a Shroder, John F. 
999 |a 00313614   |b BUKU   |c RUJUKAN   |e PERPUSTAKAAN KOMUNITI PETALING JAYA